LEADER 00716nam0 2200253 450 001 000001818 005 20080708151505.0 010 $a0-13-754938-5 100 $a20000928d1998----km-y0itay50------ba 101 0 $aeng 102 $aUS 200 1 $aBeach processes and sedimentation$fPaul D. Komar 205 $a2. ed. 210 $aUpper Saddle River$cPrentice Hall$d1998 215 $aX, 544$cill.$d23 cm 610 1 $aSpiagge$aSedimentazione 610 1 $aMaree 676 $a551.3 700 1$aKomar,$bPaul D.$0508531 801 0$aIT$bUNIPARTHENOPE$gRICA$2UNIMARC 912 $a000001818 951 $cPIST$aP1 551-B/1$b33897$d20001006 996 $aBeach processes and sedimentation$9777030 997 $aUNIPARTHENOPE LEADER 01925nam0 22003973i 450 001 SBL0561387 005 20251003044357.0 020 $aIT$b764773 100 $a20091229d1974 ||||0itac50 ba 101 | $aita 102 $ait 181 1$6z01$ai $bxxxe 182 1$6z01$an 200 1 $aˆL'‰industria nella provincia di Salerno$eanalisi della struttura manufatturiera e repertorio delle aziende$fPaolo Stampacchia 210 $aSalerno$cISFA$d1974 215 $a143 p.$cill.$d24 cm. 225 | $aCollana di studi e ricerche$v1 410 0$1001SBL0561386$12001 $aCollana di studi e ricerche$v1 606 $aSalerno $xEconomia$2FIR$3SBLC108066$9I 676 $a338.4$9Produzione. Industrie secondarie e servizi$v14 676 $a338.4$9INDUSTRIE SECONDARIE E SERVIZI$v21 696 $aEconomia reale$aAttività economiche$aAspetti economici 699 $aEconomia$yEconomia reale 699 $aEconomia$zAttività economiche 699 $aEconomia$zAspetti economici 700 1$aStampacchia$b, Paolo$3CFIV010377$4070$021929 801 3$aIT$bIT-000000$c20091229 850 $aIT-BN0095 $aIT-SA0251 901 $bNAP 01$cAZ $n$ 901 $bNAP 01$cPOZZO LIB.$nVi sono collocati fondi di economia, periodici di ingegneria e scienze, periodici di economia e statistica e altri fondi comprendenti documenti di economia pervenuti in dono. 901 $bNAP 82$cAMA $n$ 912 $aSBL0561387 950 0$aBiblioteca Centralizzata di Ateneo$c1 v.$d 01AZ (AR) 9 589$e 01AR 0070095895 VMA 1 v.$fY $h20141021$i20141021$c1 v.$d 01POZZO LIB.ECON MON 3079$e 0101 0000114165E VMA 1 v. (Precedente collocazione: GUERRAZZI B 1790)$fB $h20091229$i20091229 977 $a 01$a 82 996 $aIndustria nella provincia di Salerno$9995227 997 $aUNISANNIO